| 000 | 00553nam a2200229Ia 4500 | ||
|---|---|---|---|
| 003 | OSt | ||
| 005 | 20250805090600.0 | ||
| 008 | 210210b2017 xxu||||| |||| 00| 0 eng d | ||
| 020 | _a9788131608852 | ||
| 040 | _cAL | ||
| 041 | _aeng | ||
| 082 | _a361.4 NORS | ||
| 100 |
_aHelen Northern _9213666 |
||
| 245 | _aSocial work with groups Ed 3 | ||
| 250 | _a3 | ||
| 260 |
_aJaipur _bRawat Publications _c2017 |
||
| 300 | _aviii,514p. | ||
| 690 |
_aSocial Work _9213673 |
||
| 700 |
_aKurland, Roselle _9213674 |
||
| 906 | _a072689 | ||
| 942 |
_2ddc _cREF |
||
| 999 |
_c122520 _d122520 |
||